00421nam a2200121Ia 4500008004100000245009300041260002700134260000900161300000900170650002600179650001200205856008200217170516s9999 xx 000 0 und d aRadiological Findings in Persistent Mùˆllerian Duct Syndrome: and Review of Literature bJournal of Radiology s c2017 a11:3 xRadiologic Technology xRadtech uhttp://www.radiologycases.com/index.php/radiologycases/issue/view/131/showToc